| 000 | 00583nam a2200193 i 4500 | ||
|---|---|---|---|
| 001 | 63026 | ||
| 003 | ES-MaACL | ||
| 005 | 20250902221213.0 | ||
| 007 | t| | ||
| 008 | 031127s1959 sp ||||1| spa d | ||
| 080 | _a624.042 | ||
| 100 | 1 |
_aFernández Pérez, Bernardino. _949993 |
|
| 245 | 1 | 0 |
_aMétodo de Cross / _cBernardino Fernández Pérez. |
| 260 |
_aMadrid : _bDossat, _c1959 ( _fSelecciones Gráficas) |
||
| 300 |
_a197 p. : _bil. ; _c25 cm. |
||
| 650 | 4 |
_aEstructuras (Construcción)- _xCálculo _912570 |
|
| 852 |
_aES-MaACL _jC-16910 _bR.45016 |
||
| 999 |
_c63026 _d63026 |
||